000 00584nam a2200217 a 4500
005 20210219152825.0
008 991125n 000 0 eng u
035 _aUPN01000062475
100 _aBlum, Dorothy J.
222 _aSCHOOL COUNSELOR
245 _aAcademic growth group and mentoring program for potential dropouts
300 _a207-217
362 _a1993 40, No. 3
653 0 _aASESORES
653 0 _aMENTOR
653 0 _aPOSIBLES MARGINADOS
653 0 _aPREVENCION DE LA DESERCION
700 _aJones, L. Adelle
904 _aAC
_b000286
905 _aArticulo
999 _c61736
_d61736